Paesi più vicini all'equatore - Statistics

Statistiche generali
  • Questo quiz è stato fatto 240 volte
  • Il punteggio medio è 12 su 20
Statistiche sulle risposte
km nazione % Corretto
0 Brasile
93%
0 Congo
89%
0 Ecuador
86%
0 Rep Dem Congo
86%
0 Indonesia
83%
2 Perù
79%
0 Colombia
77%
0 Kenya
72%
136 Venezuela
72%
173 Malesia
66%
102 Guinea Equatoriale
61%
0 Gabon
59%
0 Somalia
59%
0 Uganda
56%
116 Ruanda
52%
21 Maldive
41%
127 Singapore
40%
0 Sao Tome e Principe
28%
13 Kiribati
27%
55 Nauru
17%
Nessun quiz corrispondente trovato
Distribuzione punteggi
Percentuale di utenti per punteggio
Percentile per numero di risposta
I tuoi punteggi nel tempo
Non hai fatto questo quiz